| 000 | 00389nam a2200145Ia 4500 | ||
|---|---|---|---|
| 008 | 240624s9999 xx 000 0 und d | ||
| 041 | _aeng | ||
| 082 | _a658.15 HOP | ||
| 100 | _aHOPKIN PAUL | ||
| 245 | _aFUNDAMENTALS OF RISK MANAGEMENT UNDERSTANDING EVALUATING A | ||
| 250 | _a(4th ed.) | ||
| 260 |
_c2017 _aNew Delhi _bKogan Page |
||
| 300 | _axix, 462 p.; 23 cm. | ||
| 365 |
_cBPS _b30 |
||
| 999 |
_c29918 _d29918 |
||